000 00336nam a2200133Ia 4500
005 20260326235454.0
008 260326s9999||||xx |||||||||||||| ||und||
100 _aArgan, Giulio Carlo
245 4 _aThe renaissance City /
_cGiulio Carlo Argan
260 _bGeorge Brazilier
300 _a128 p.
650 _aDISEÑO URBANO
942 _cBK
999 _c7877
_d7877